Optimalizácia ustálených stavov zložitého dynamického systému

Salvato in:
Dettagli Bibliografici
Autore principale: Pintér, Marek (Autore)
Altri autori: Rosinová, Danica (Relatore della tesi)
Natura: Manoscritto Libro
Lingua:slovacco
Pubblicazione: Bratislava : STU v Bratislave FEI, 2009
Soggetti:
Tags: Aggiungi Tag
Nessun Tag, puoi essere il primo ad aggiungerne!!

MARC

LEADER 00000ntm a22000003a 4500
001 stu190878
005 20160719165128.9
008 090928s2009------------------------slo-d
040 |a STU  |b slo 
041 0 |a slo 
100 1 |a Pintér, Marek  |4 aut 
245 1 |a Optimalizácia ustálených stavov zložitého dynamického systému 
260 |a Bratislava :  |b STU v Bratislave FEI,  |c 2009 
300 |a 58 s 
650 7 |a kybernetika  |2 stusub 
650 7 |a dynamické systémy  |2 stusub 
700 1 |a Rosinová, Danica  |4 ths  |u E010  |T FEI Ústav riadenia a priemyselnej informatiky  |X 4938  |U E010  |Y E010  |7 A000004938